| 000 | 00356pab a2200145 454500 | ||
|---|---|---|---|
| 008 | 180718b2003 xxu||||| |||| 00| 0 eng d | ||
| 100 | _aKhader, S.A. | ||
| 245 | _aTechnology and competitiveness - a global perspective | ||
| 260 | _c2003 | ||
| 300 | _ap.19-23. | ||
| 362 | _aAug | ||
| 650 | _aInformation technology | ||
| 773 | _aYojana | ||
| 909 | _a57653 | ||
| 999 |
_c57653 _d57653 |
||